| 000 | 00000nam##2200000za#4500 |
| 001 | 9.601230 |
| 003 | CaOODSP |
| 005 | 20210624205954 |
| 007 | cr ||||||||||| |
| 008 | 150406|1997||||xxc|||||o f|0| 0 fre|d |
| 040 | |aCaOODSP|bfre |
| 043 | |an-cn--- |
| 086 | 1 |aC21-24/18-1997F-PDF |
| 110 | 1 |aCanada.|bIndustrie Canada. |bDirection de l'analyse micro-économique. |
| 245 | 10|aLes disparités régionales au Canada : |h[ressource électronique]|bdiagnostic, tendances et leçons pour la politique économique / |cpar Serge Coulombe. |
| 260 | |aOttawa - Ontario : |bIndustrie Canada. |cNovembre 1997. |
| 300 | |a30p.|bgraphiques, tableau |
| 490 | 1 |aSérie de document de travail|vN° 18 |
| 500 | |aLe nº de catalogue (C21-24/19) et l'ISBN (0-662-63228-1) copiés dans cette édition electronique sont incorrects. |
| 504 | |aBibliographie. |
| 590 | |a12-10-Supp|b2012-03-23 |
| 720 | 1 |aCoulombe, Serge |
| 775 | 08|tRegional disparities in Canada : |w(CaOODSP)9.570581 |
| 776 | 0#|tRegional disparities in Canada: characterization, trends and lessons for economic policy / |w(CaOODSP)9.530186 |
| 776 | 0#|tLes disparités régionales au Canada: diagnostic, tendances et leçons pour la politique économique / |w(CaOODSP)9.530187 |
| 830 | #0|aSérie de document de travail ;|vN° 18|w(CaOODSP)9.501123 |
| 856 | 40|ahttp://publications.gc.ca|qPDF|s772 Ko|uhttps://publications.gc.ca/collections/Collection/C21-24-18-1997F.pdf|yN° 18 |